1261 1823 1166 1409 1216 1742 1245 1485 1042 1109 1435 1954 1447 1409 1840 1391 1560 1568 1754 1731 1214 1789 1909 1135 1230 1584 1138 1913 1935 1818 1953 1875 1422 1238 1420 1146 1442 1094 1208 1302 1475 1104 1424 1197 1338 1132 1224 1803 1450 1823 1010 1505 1905 1804 1830 1552 1992 1918 1673 1775 1131 1302 1915 1001 1145 1236 1795 1608 1341 1813 1516 1476 1021 1925 1510 1706 1607 1997 1112 1887 1823 1412 1864 1317 1431 1376 1495 1455 1246 1211 1078 1397 1925 1206 1391 1294 1215 1833 1727 BCNSPRNW ULIB Ver.6.0+V

เปลี่ยนเป็นภาษาไทย

Change to English
 แสดงรายละเอียดบรรณานุกรม
  กลับหน้าหลัก

Brief Record : Get Marc (ISO 2709) : E-mail record : QR code < ปิดหน้าต่าง
LEADER : 00000nam 2200000uu 4500
001    13399126613
003     ULIB
008    190123s2561||||th 000 0 tha d
020    ^a9786163983169
060  4 ^aWY100^bว719ก
100 0  ^aวิลาวัณย์ เตือนราษฎร์
245 10 ^aการรักษาพยาบาลโรคเบื้องต้น/^cวิลาวัณย์ เตือนราษฎร์และวราภรณ์ บุญเชียง
250    ^aพิมพ์ครั้งที่ 5
260    ^aเชียงใหม่:^bสำนักพิมพ์มหาวิทยาลัยเชียงใหม่,^c2561.
300    ^a467 หน้า :^bภาพประกอบ;^c25 ซม.
650  7 ^aการรักษาพยาบาลโรคเบื้องต้น
650  7 ^aการตรวจร่างกาย
650  0 ^aการวินิจฉัยโรค
700 0  ^aวราภรณ์ บุญเชียง
710 1  ^aมหาวิทยาลัยเชียงใหม่. ^bคณะพยาบาลศาสตร์
945    ^p350^l0^i004885
945    ^p350^l0^i004884
945    ^p350^l0^i004883
945    ^p350^l0^i004882
945    ^p350^l0^i004886
945    ^p350^l0^i004891
945    ^p350^l0^i004890
945    ^p350^l0^i004889
945    ^p350^l0^i004888
945    ^p350^l0^i004887
999    ^aประนอม เกษจรัล
รายการนี้ยังไม่มีแท็ก
คุณยังไม่ได้ล็อกอิน คุณสามารถมีกิจกรรมร่วมกับเว็บไซต์ได้ แต่ต้องล็อกอินก่อน ::
  ล็อกอิน

รายการสื่อสารสนเทศ

ลำดับที่ ประเภท เลขเรียก/บาร์โค้ด สถานที่ สถานะ
1. Book การพยาบาล
หนังสือสำรอง
สถานะ=หนังสือสำรอง
WY100 ว719ก ฉ.1 
  Barcode: 004882
ห้องสมุดวิทยาเขตสวรรค์ประชารักษ์
►หนังสือทั่วไป
บนชั้น
2. Book การพยาบาล
Book การพยาบาล
WY100 ว719ก ฉ.10 
  Barcode: 004891
ห้องสมุดวิทยาเขตสวรรค์ประชารักษ์
►หนังสือทั่วไป
บนชั้น
3. Book การพยาบาล
Book การพยาบาล
WY100 ว719ก ฉ.2 
  Barcode: 004883
ห้องสมุดวิทยาเขตสวรรค์ประชารักษ์
►หนังสือทั่วไป
ถูกยืม กำหนดส่งวันที่ 6 กรกฎาคม 2569
  จอง
4. Book การพยาบาล
Book การพยาบาล
WY100 ว719ก ฉ.3 
  Barcode: 004884
ห้องสมุดวิทยาเขตสวรรค์ประชารักษ์
►หนังสือทั่วไป
บนชั้น
5. Book การพยาบาล
Book การพยาบาล
WY100 ว719ก ฉ.4 
  Barcode: 004885
ห้องสมุดวิทยาเขตสวรรค์ประชารักษ์
►หนังสือทั่วไป
บนชั้น
6. Book การพยาบาล
Book การพยาบาล
WY100 ว719ก ฉ.5 
  Barcode: 004886
ห้องสมุดวิทยาเขตสวรรค์ประชารักษ์
►หนังสือทั่วไป
บนชั้น
7. Book การพยาบาล
Book การพยาบาล
WY100 ว719ก ฉ.6 
  Barcode: 004887
ห้องสมุดวิทยาเขตสวรรค์ประชารักษ์
►หนังสือทั่วไป
บนชั้น
8. Book การพยาบาล
Book การพยาบาล
WY100 ว719ก ฉ.7 
  Barcode: 004888
ห้องสมุดวิทยาเขตสวรรค์ประชารักษ์
►หนังสือทั่วไป
บนชั้น
9. Book การพยาบาล
Book การพยาบาล
WY100 ว719ก ฉ.8 
  Barcode: 004889
ห้องสมุดวิทยาเขตสวรรค์ประชารักษ์
►หนังสือทั่วไป
บนชั้น
10. Book การพยาบาล
Book การพยาบาล
WY100 ว719ก ฉ.9 
  Barcode: 004890
ห้องสมุดวิทยาเขตสวรรค์ประชารักษ์
►หนังสือทั่วไป
ถูกยืม กำหนดส่งวันที่ 7 กรกฎาคม 2569
  จอง

รายการใกล้เคียง
    ผู้แต่ง [วิลาวัณย์ เตือนราษฎร์]

    หัวเรื่อง [การรักษาพยาบาลโรคเบื้องต้น]
    หัวเรื่อง [การตรวจร่างกาย]
    หัวเรื่อง [การวินิจฉัยโรค]

BibComment


ยังไม่เคยถูกคอมเมนท์

คอมเมนท์ทรัพยากรรายการนี้
  คอมเมนท์: การรักษาพยาบาลโร..


 Copyright 2026. Bcnsprnw @Library